<?xml version="1.0" encoding="UTF-8"?>
<record
    xmlns:xsi="http://www.w3.org/2001/XMLSchema-instance"
    xsi:schemaLocation="http://www.loc.gov/MARC21/slim http://www.loc.gov/standards/marcxml/schema/MARC21slim.xsd"
    xmlns="http://www.loc.gov/MARC21/slim">

  <leader>03067nam a2200349 i 4500</leader>
  <controlfield tag="001">000027817</controlfield>
  <controlfield tag="003">DO-SdBNP</controlfield>
  <controlfield tag="005">20240528085746.0</controlfield>
  <controlfield tag="006">a||||gr|||| 00| 0 </controlfield>
  <controlfield tag="007">ta</controlfield>
  <controlfield tag="008">110405e2010    dr ad        s000 0 spa d</controlfield>
  <datafield tag="020" ind1=" " ind2=" ">
    <subfield code="a">9789945470055</subfield>
  </datafield>
  <datafield tag="040" ind1=" " ind2=" ">
    <subfield code="a">DO-SdBNP</subfield>
    <subfield code="b">spa</subfield>
    <subfield code="c">BNPHU</subfield>
    <subfield code="e">rda</subfield>
  </datafield>
  <datafield tag="082" ind1=" " ind2="4">
    <subfield code="2">22</subfield>
    <subfield code="b">S4717in, 2010</subfield>
  </datafield>
  <datafield tag="111" ind1="1" ind2=" ">
    <subfield code="a">Seminario internacional : Una D&#xE9;cada de Cuota Femenina en Am&#xE9;rica Latina.</subfield>
    <subfield code="n">(1er. :</subfield>
    <subfield code="d">2008:</subfield>
    <subfield code="c">Santo Domingo, Rep&#xFA;blica Dominicana)</subfield>
    <subfield code="9">85565</subfield>
    <subfield code="j">autor</subfield>
  </datafield>
  <datafield tag="245" ind1="1" ind2="0">
    <subfield code="a">Seminario internacional : </subfield>
    <subfield code="b">Una d&#xE9;cada de cuota femenina en Am&#xE9;rica Latina /</subfield>
    <subfield code="c">Nurys Paulino, editora.</subfield>
  </datafield>
  <datafield tag="246" ind1="1" ind2="4">
    <subfield code="a">Seminario internacional : </subfield>
    <subfield code="b">Una d&#xE9;cada de cuota femenina en Am&#xE9;rica Latina, balance y perspectivas para la participaci&#xF3;n pol&#xED;tica de la mujer.</subfield>
  </datafield>
  <datafield tag="250" ind1=" " ind2=" ">
    <subfield code="a">2a. edici&#xF3;n</subfield>
  </datafield>
  <datafield tag="264" ind1=" " ind2=" ">
    <subfield code="a">[Santo Domingo] :</subfield>
    <subfield code="b">Junta Central Electoral,</subfield>
    <subfield code="c">2010</subfield>
  </datafield>
  <datafield tag="300" ind1=" " ind2=" ">
    <subfield code="a">272 p&#xE1;ginas :</subfield>
    <subfield code="b">ilustraciones, gr&#xE1;ficas ;</subfield>
    <subfield code="c">28 cm.</subfield>
  </datafield>
  <datafield tag="336" ind1=" " ind2=" ">
    <subfield code="2">rdacontent</subfield>
    <subfield code="a">texto</subfield>
    <subfield code="b">txt</subfield>
  </datafield>
  <datafield tag="337" ind1=" " ind2=" ">
    <subfield code="2">rdamedia</subfield>
    <subfield code="a">sin mediaci&#xF3;n</subfield>
    <subfield code="b">n</subfield>
  </datafield>
  <datafield tag="338" ind1=" " ind2=" ">
    <subfield code="2">rdacarrier</subfield>
    <subfield code="a">volumen</subfield>
    <subfield code="b">nc</subfield>
  </datafield>
  <datafield tag="500" ind1=" " ind2=" ">
    <subfield code="a">Incluye datos biogr&#xE1;ficos, p&#xE1;ginas 269 - 272.</subfield>
  </datafield>
  <datafield tag="500" ind1=" " ind2=" ">
    <subfield code="a">Incluye bibliograf&#xED;a y notas al pie de p&#xE1;ginas.</subfield>
  </datafield>
  <datafield tag="505" ind1=" " ind2=" ">
    <subfield code="a">Introducci&#xF3;n.</subfield>
    <subfield code="g">Mujer y Pol&#xED;tica en Uruguay :</subfield>
    <subfield code="t">Convicciones y Estrategias Pol&#xED;ticas en Tr&#xE1;mites del Proyecto de Ley de Cuotas de G&#xE9;neros en Senado /</subfield>
    <subfield code="r">Adolfo Garc&#xE9;.--</subfield>
    <subfield code="g">Paerticipaci&#xF3;n Pol&#xED;tica de laMujer en Rep&#xFA;blica Dominicana:</subfield>
    <subfield code="t">Balance y Recomendaciones /</subfield>
    <subfield code="r">Agne Berenice Contreras.--</subfield>
    <subfield code="g">Cuotas en Estados Subnacionales:</subfield>
    <subfield code="t">Bajo California Sur, Coahuila, Colima, Durango, Guerrero, Jalisco y Nayarit /</subfield>
    <subfield code="r">Lourdes C. Pacheco Ladr&#xF3;n de Guevara.--</subfield>
    <subfield code="g">Sistemas Electorales, Leyes de Cuotas y Cultura Pol&#xED;tica:</subfield>
    <subfield code="t">Factor que Promueven y Limitan la Representaci&#xF3;n de las Mujeres /</subfield>
    <subfield code="r">Mar&#xED;a In&#xE9;s Tula.--</subfield>
    <subfield code="g">Financiamiento y Campa&#xF1;a:</subfield>
    <subfield code="t">Equidad de G&#xE9;nero en los Sistemas Electorales en Am&#xE9;rica Latina /</subfield>
    <subfield code="r">Delia M. Ferreira.--</subfield>
    <subfield code="g">El Proceso Electoral en el Espacio de las Mujeres:</subfield>
    <subfield code="t">Los Duros Tiempos del Financiamiento de las Campa&#xF1;as:</subfield>
    <subfield code="r">Gloria Young,--</subfield>
  </datafield>
  <datafield tag="505" ind1=" " ind2=" ">
    <subfield code="a">El Sistema de Cuotas en M&#xE9;xico:</subfield>
    <subfield code="t">Un Instrumento para Incrementar la Participaci&#xF3;n de la Mujer en el Congreso de la Uni&#xF3;n /</subfield>
    <subfield code="r">M. en E. Reyes T&#xE9;pach Marcial.--</subfield>
    <subfield code="g">Del Dicho alHecho:</subfield>
    <subfield code="t">Manual de Buenas Pr&#xE1;cticas para la Participaci&#xF3;n de Mujere en los Partidos Pol&#xED;ticos Latinoamericanos /</subfield>
    <subfield code="r">Beatriz Llanos.--</subfield>
    <subfield code="g">Balance de una D&#xE9;cada:</subfield>
    <subfield code="t">El Impacto de la Cuota Femenina en la Representaci&#xF3;n /</subfield>
    <subfield code="r">Nelsen P&#xE9;rez.--</subfield>
    <subfield code="g">Balance de una D&#xE9;cada:</subfield>
    <subfield code="t">El Impacto de la Cuota Femenina en la Representaci&#xF3;n /</subfield>
    <subfield code="r">Llana Newman.--</subfield>
    <subfield code="g">Financiamiento Pol&#xED;tico y Perspectiva del G&#xE9;nero /</subfield>
    <subfield code="r">Ana Isabela Garc&#xED;a Quesada.--</subfield>
    <subfield code="g">M&#xE1;s All&#xE1; de la Cuota: Medidas Alternativas y Complementarias /</subfield>
    <subfield code="t">"Parlamenta": Una Experiencia del Uruguay /</subfield>
    <subfield code="r">Dra. Niki Johnson.--</subfield>
    <subfield code="g">Acciones Alterntivas o Complementarias a la Cuota Femenina:</subfield>
    <subfield code="r">Rosanna And&#xED;a.--</subfield>
    <subfield code="t">Biograf&#xED;as.</subfield>
  </datafield>
  <datafield tag="590" ind1=" " ind2=" ">
    <subfield code="a">Inventariado 2024 / MF</subfield>
  </datafield>
  <datafield tag="700" ind1="1" ind2=" ">
    <subfield code="a">Paulino, Nurys,</subfield>
    <subfield code="9">22136</subfield>
    <subfield code="e">editor</subfield>
  </datafield>
  <datafield tag="710" ind1="1" ind2=" ">
    <subfield code="a">Rep&#xFA;blica Dominicana.</subfield>
    <subfield code="b">Junta Central Electoral</subfield>
    <subfield code="9">64605</subfield>
  </datafield>
  <datafield tag="942" ind1=" " ind2=" ">
    <subfield code="2">ddc</subfield>
    <subfield code="c">LBS1</subfield>
  </datafield>
  <datafield tag="952" ind1=" " ind2=" ">
    <subfield code="0">0</subfield>
    <subfield code="1">0</subfield>
    <subfield code="2">ddc</subfield>
    <subfield code="5">1</subfield>
    <subfield code="7">0</subfield>
    <subfield code="8">PD</subfield>
    <subfield code="a">BNPHU</subfield>
    <subfield code="b">BNPHU</subfield>
    <subfield code="c">CT</subfield>
    <subfield code="d">2023-05-29</subfield>
    <subfield code="e">Donado por Junta Central Electora</subfield>
    <subfield code="l">0</subfield>
    <subfield code="p">2024-3171</subfield>
    <subfield code="r">2020-06-25</subfield>
    <subfield code="w">2020-06-25</subfield>
    <subfield code="y">LBS1</subfield>
    <subfield code="Z">No se presta</subfield>
  </datafield>
  <datafield tag="952" ind1=" " ind2=" ">
    <subfield code="0">0</subfield>
    <subfield code="1">0</subfield>
    <subfield code="2">ddc</subfield>
    <subfield code="5">1</subfield>
    <subfield code="7">0</subfield>
    <subfield code="8">PD</subfield>
    <subfield code="a">BNPHU</subfield>
    <subfield code="b">BNPHU</subfield>
    <subfield code="c">CT</subfield>
    <subfield code="d">2023-05-24</subfield>
    <subfield code="e">Donado por Junta Central Electora</subfield>
    <subfield code="l">0</subfield>
    <subfield code="o">R426s, 2010</subfield>
    <subfield code="p">2024-3172</subfield>
    <subfield code="r">2020-06-25</subfield>
    <subfield code="t">e.2</subfield>
    <subfield code="w">2020-06-25</subfield>
    <subfield code="y">LBS1</subfield>
    <subfield code="Z">No se presta</subfield>
  </datafield>
  <datafield tag="952" ind1=" " ind2=" ">
    <subfield code="0">0</subfield>
    <subfield code="1">0</subfield>
    <subfield code="2">ddc</subfield>
    <subfield code="5">6</subfield>
    <subfield code="7">0</subfield>
    <subfield code="8">DS</subfield>
    <subfield code="a">BNPHU</subfield>
    <subfield code="b">BNPHU</subfield>
    <subfield code="c">CT</subfield>
    <subfield code="d">2023-05-29</subfield>
    <subfield code="e">Donado por Junta Central Electora</subfield>
    <subfield code="l">0</subfield>
    <subfield code="o">R426s, 2010</subfield>
    <subfield code="p">2024-3174</subfield>
    <subfield code="r">2024-05-27</subfield>
    <subfield code="t">e.3</subfield>
    <subfield code="w">2024-05-27</subfield>
    <subfield code="y">LBS1</subfield>
  </datafield>
  <datafield tag="999" ind1=" " ind2=" ">
    <subfield code="c">27309</subfield>
    <subfield code="d">27309</subfield>
  </datafield>
</record>
